Prueba de Líbano - Estadísticas

Estadísticas generales
  • Esta prueba ha sido intentada 852 veces
  • La puntuación promedio es 8 de 17
Estadísticas de respuestas
Pista Respuesta % Correcto
Capital Beirut
97%
Idioma oficial Árabe
94%
Países limítrofes Israel
94%
Países limítrofes Siria
92%
País europeo que tenía un "mandato" para dirigir el Líbano, 1923-1946 Francia
73%
La antigua civilización del Líbano que fundó colonias en todo el Mediterráneo Fenicia
52%
Región, empezando con L, de la que Líbano forma parte {Levante} Mediterraneo
44%
El antiguo apodo de esa ciudad {Paris} del Medio Oriente
44%
La segunda ciudad más grande (pista: comparte su nombre con una capital africana) Trípoli
44%
El tipo de árbol que se representa en la bandera Cedro
43%
Partido político chiíta que es considerado una organización terrorista por la UE Hezbolá
36%
Una ciudad importante de esa civilización que Alejandro el Grande conquistó y cambió de una isla a una península Tiro
27%
Moneda de Líbano Libra
25%
Nombre bíblico para un dios de esa ciudad que algunos israelitas adoraban Baal
23%
La abogada libanesa que se casó con George Clooney {Amal} Clooney
21%
La religión local que incorpora elementos del Islam, el cristianismo, el hinduismo y la filosofía griega (pista: comienza con D) Druso
17%
La mayor denominación cristiana en Líbano Iglesia católica {maronita}
17%
No se encontraron pruebas coincidentes
Distribución de puntuación
Porcentaje de gente con cada puntuación
Porcentaje por número respondido
Historial de tus puntuaciones
No has intentado esta prueba.